[Event "Adolf Anderssen mem Prelim"]
[Site "Wroclaw POL"]
[Date "2012.06.30"]
[Round "8"]
[White "Golubka, Petro"]
[Black "Sieciechowicz, Marcin"]
[Result "0-1"]
[WhiteElo "2402"]
[BlackElo "2446"]
[WhiteFideId "-1"]
[BlackFideId "-1"]
[PlyCount "99"]
[GameId "2130307696744101"]
[EventDate "2012.06.30"]
[EventType "swiss (rapid)"]
[EventRounds "9"]
[EventCountry "POL"]
[SourceTitle "The Week in Chess 921"]
[Source "Mark Crowther"]
[SourceDate "2012.07.02"]
[SourceVersion "2"]
[SourceVersionDate "2012.07.05"]
[SourceQuality "2"]

1. c4 Nf6 2. Nc3 d5 3. e3 g6 4. Nf3 Bg7 5. h3 O-O 6. Be2 c5 7. d4 Nc6 8. O-O cxd4 9. exd4 b6 10. Ne5 Bb7 11. Bf3 e6 12. Re1 Rc8 13. cxd5 Nxd5 14. Bxd5 exd5 15. Bf4 Re8 16. Nxc6 Bxc6 17. Qd2 Qd7 18. Re3 Rxe3 19. fxe3 Re8 20. Qf2 Qf5 21. Qd2 h5 22. Rf1 Qe6 23. Qd1 b5 24. Qd2 b4 25. Ne2 Bb5 26. Rf2 Qe7 27. Nc1 g5 28. Be5 f6 29. Bh2 Qxe3 30. Qxe3 Rxe3 31. Rc2 f5 32. Rc8+ Kf7 33. Be5 Bxe5 34. dxe5 Rxe5 35. Kf2 a6 36. Rc7+ Re7 37. Rc5 Ke6 38. Rc8 Kd6 39. Rh8 Rc7 40. Nb3 Rc2+ 41. Kg1 Rxb2 42. Rh6+ Ke5 43. Rxh5 Rxa2 44. Rxg5 a5 45. g4 Kf4 46. Rxf5+ Kg3 47. Rxd5 a4 48. Rxb5 axb3 49. Kf1 b2 50. Ke1 0-1

[Event "Adolf Anderssen mem Prelim"]
[Site "Wroclaw POL"]
[Date "2012.06.30"]
[Round "9"]
[White "Ulms, Sandra"]
[Black "Golubka, Petro"]
[Result "0-1"]
[WhiteElo "2139"]
[BlackElo "2402"]
[WhiteFideId "-1"]
[BlackFideId "-1"]
[PlyCount "82"]
[GameId "2130307696748218"]
[EventDate "2012.06.30"]
[EventType "swiss (rapid)"]
[EventRounds "9"]
[EventCountry "POL"]
[SourceTitle "The Week in Chess 921"]
[Source "Mark Crowther"]
[SourceDate "2012.07.02"]
[SourceVersion "2"]
[SourceVersionDate "2012.07.05"]
[SourceQuality "2"]

1. d4 Nf6 2. c4 g6 3. Nc3 Bg7 4. e4 O-O 5. Be2 c6 6. e5 Ne8 7. f4 d6 8. Nf3 Bg4 9. O-O Nd7 10. h3 Bxf3 11. Bxf3 Nc7 12. Be3 a6 13. Qe2 Rb8 14. Rad1 Re8 15. Qf2 a5 16. b3 Rf8 17. Qc2 Rc8 18. exd6 exd6 19. d5 c5 20. Bf2 f5 21. Rfe1 Qf6 22. Nb1 b5 23. Nd2 Nb6 24. cxb5 Nxb5 25. Nc4 Nd4 26. Qd3 Nxc4 27. bxc4 a4 28. Rb1 g5 29. fxg5 Qxg5 30. Rb6 Qf4 31. Bd1 Rce8 32. Qg3 Rxe1+ 33. Bxe1 Qc1 34. Rb7 Rf7 35. Rb8+ Rf8 36. Rxf8+ Kxf8 37. Qxd6+ Kf7 38. Bh5+ Kg8 39. Qg3 f4 40. Qh4 f3 41. gxf3 Qh6 0-1

[Event "Euro op"]
[Site "Lvov UKR"]
[Date "2012.05.30"]
[Round "3"]
[White "Golubka, Petro"]
[Black "Khabinets, Ivan"]
[Result "1-0"]
[WhiteElo "2402"]
[BlackElo "2186"]
[WhiteFideId "-1"]
[BlackFideId "-1"]
[PlyCount "115"]
[GameId "2130307697978102"]
[EventDate "2012.05.28"]
[EventType "swiss"]
[EventRounds "9"]
[EventCountry "UKR"]
[SourceTitle "The Week in Chess 919"]
[Source "Mark Crowther"]
[SourceDate "2012.06.19"]
[SourceVersion "1"]
[SourceVersionDate "2012.06.19"]
[SourceQuality "2"]

1. c4 Nf6 2. Nc3 d6 3. Nf3 g6 4. g3 Bg7 5. Bg2 O-O 6. O-O Nc6 7. d3 Bg4 8. h3 Bd7 9. Rb1 Qc8 10. Kh2 a6 11. a3 Re8 12. e4 Rb8 13. d4 e5 14. Be3 b5 15. dxe5 dxe5 16. cxb5 axb5 17. b4 Be6 18. Qc2 Bc4 19. Rfd1 Rd8 20. Rxd8+ Qxd8 21. Rd1 Qe8 22. Bf1 Bxf1 23. Rxf1 Nd8 24. Rc1 c6 25. Nb1 Ra8 26. Kg2 h6 27. Bb6 g5 28. Bxd8 Rxd8 29. Nbd2 Rd6 30. a4 bxa4 31. Qxa4 g4 32. hxg4 Nxg4 33. Rc2 Qd7 34. Nc4 Rd1 35. Nb2 Rd6 36. Qb3 Kh7 37. Qc4 Bf6 38. Na4 Kg6 39. Nc5 Qc8 40. Qe2 h5 41. Rc1 Qb8 42. Rb1 Qb6 43. Ne1 Qb5 44. Ned3 Rd4 45. Qf3 Nh6 46. Rh1 h4 47. gxh4 Qb8 48. Rh3 Qd6 49. Rg3+ Kh7 50. Qh5 Qe7 51. Rg5 Rd8 52. Nxe5 Bxg5 53. hxg5 Rg8 54. f4 Qd6 55. Ncd3 Qe6 56. Kf3 f5 57. exf5 Qd5+ 58. Ke3 1-0

[Event "Euro op"]
[Site "Lvov UKR"]
[Date "2012.05.30"]
[Round "4"]
[White "Golubka, Petro"]
[Black "Pazderski, Ziemowit"]
[Result "1/2-1/2"]
[WhiteElo "2402"]
[BlackElo "2185"]
[WhiteFideId "-1"]
[BlackFideId "-1"]
[PlyCount "61"]
[GameId "2130307697978123"]
[EventDate "2012.05.28"]
[EventType "swiss"]
[EventRounds "9"]
[EventCountry "UKR"]
[SourceTitle "The Week in Chess 919"]
[Source "Mark Crowther"]
[SourceDate "2012.06.19"]
[SourceVersion "1"]
[SourceVersionDate "2012.06.19"]
[SourceQuality "2"]

1. c4 Nf6 2. Nc3 c6 3. d4 d5 4. Nf3 dxc4 5. a4 Bf5 6. e3 e6 7. Bxc4 Nbd7 8. O-O Bb4 9. Qe2 Bg6 10. e4 Bxc3 11. bxc3 Nxe4 12. Ba3 Nb6 13. Rfc1 Nxc4 14. Qxc4 Qc7 15. Ne5 Nd6 16. Qc5 Ne4 17. Qc4 Nd6 18. Qb4 O-O-O 19. a5 f6 20. Nf3 Nb5 21. Bb2 Qd6 22. Qb3 e5 23. dxe5 fxe5 24. Rd1 Qf6 25. Re1 Rhe8 26. c4 Nd4 27. Nxd4 exd4 28. c5 a6 29. Rxe8 Bxe8 30. Rd1 Qe7 31. Qh3+ 1/2-1/2

[Event "Euro op"]
[Site "Lvov UKR"]
[Date "2012.05.31"]
[Round "5"]
[White "Garnazhenko, Dmitry"]
[Black "Golubka, Petro"]
[Result "1/2-1/2"]
[WhiteElo "2205"]
[BlackElo "2402"]
[WhiteFideId "-1"]
[BlackFideId "-1"]
[PlyCount "45"]
[GameId "2130307697978152"]
[EventDate "2012.05.28"]
[EventType "swiss"]
[EventRounds "9"]
[EventCountry "UKR"]
[SourceTitle "The Week in Chess 919"]
[Source "Mark Crowther"]
[SourceDate "2012.06.19"]
[SourceVersion "1"]
[SourceVersionDate "2012.06.19"]
[SourceQuality "2"]

1. e4 e5 2. Nf3 Nc6 3. Bc4 Nf6 4. d3 h6 5. c3 Be7 6. Nbd2 d6 7. a4 O-O 8. O-O a6 9. Re1 Nh7 10. Nf1 Ng5 11. Ne3 Nxf3+ 12. Qxf3 Bg5 13. b4 Bxe3 14. Bxe3 Be6 15. a5 Bxc4 16. dxc4 Qe7 17. Qg4 Kh8 18. Rad1 Rad8 19. Rd3 f5 20. exf5 Qf7 21. Red1 Ne7 22. Qe4 Nxf5 23. f3 1/2-1/2

[Event "Euro op"]
[Site "Lvov UKR"]
[Date "2012.05.31"]
[Round "6"]
[White "Golubka, Petro"]
[Black "Smolkin, Alexander"]
[Result "1-0"]
[WhiteElo "2402"]
[BlackElo "1981"]
[WhiteFideId "-1"]
[BlackFideId "-1"]
[PlyCount "77"]
[GameId "2130307697982269"]
[EventDate "2012.05.28"]
[EventType "swiss"]
[EventRounds "9"]
[EventCountry "UKR"]
[SourceTitle "The Week in Chess 919"]
[Source "Mark Crowther"]
[SourceDate "2012.06.19"]
[SourceVersion "1"]
[SourceVersionDate "2012.06.19"]
[SourceQuality "2"]

1. c4 e6 2. Nf3 Nf6 3. g3 d5 4. Bg2 b6 5. cxd5 exd5 6. O-O Bd6 7. d4 Qe7 8. Nc3 c6 9. Bg5 h6 10. Bxf6 Qxf6 11. e4 dxe4 12. Nxe4 Qd8 13. Nxd6+ Qxd6 14. Re1+ Be6 15. d5 cxd5 16. Nd4 Nd7 17. Nf5 Qb4 18. Nxg7+ Ke7 19. Bxd5 Nc5 20. Nxe6 fxe6 21. Bxa8 Rxa8 22. Qe2 Rf8 23. a3 Qb3 24. Rad1 Rf6 25. Rd2 Rf3 26. Red1 Rf5 27. Qg4 Rf7 28. Qh4+ Rf6 29. h3 a5 30. Qg4 Rf7 31. h4 a4 32. h5 Qb5 33. Qg6 Qc6 34. Qxh6 Qf3 35. Qg5+ Rf6 36. h6 Qe4 37. Rd8 Qc2 38. Qxc5+ bxc5 39. R1d7# 1-0

[Event "Euro op"]
[Site "Lvov UKR"]
[Date "2012.06.01"]
[Round "7"]
[White "Vorontsov, Pavel"]
[Black "Golubka, Petro"]
[Result "1/2-1/2"]
[WhiteElo "2150"]
[BlackElo "2402"]
[WhiteFideId "-1"]
[BlackFideId "-1"]
[PlyCount "29"]
[GameId "2130307697982316"]
[EventDate "2012.05.28"]
[EventType "swiss"]
[EventRounds "9"]
[EventCountry "UKR"]
[SourceTitle "CBM 148 Extra"]
[Source "ChessBase"]
[SourceDate "2012.06.22"]
[SourceVersion "1"]
[SourceVersionDate "2012.06.22"]
[SourceQuality "1"]

1. e4 e5 2. Nf3 Nc6 3. Bb5 a6 4. Bxc6 dxc6 5. Nc3 f6 6. d4 exd4 7. Qxd4 Qxd4 8. Nxd4 Bd6 9. Nde2 Be6 10. Bf4 O-O-O 11. O-O-O Ne7 12. Bg3 h5 13. Nd4 Bd7 14. Nb3 Be6 15. Nd4 1/2-1/2

[Event "Euro op"]
[Site "Lvov UKR"]
[Date "2012.06.02"]
[Round "9"]
[White "Koziak, Vitali"]
[Black "Golubka, Petro"]
[Result "1-0"]
[WhiteElo "2515"]
[BlackElo "2402"]
[WhiteFideId "-1"]
[BlackFideId "-1"]
[PlyCount "57"]
[GameId "2130307697986451"]
[EventDate "2012.05.28"]
[EventType "swiss"]
[EventRounds "9"]
[EventCountry "UKR"]
[SourceTitle "The Week in Chess 919"]
[Source "Mark Crowther"]
[SourceDate "2012.06.19"]
[SourceVersion "1"]
[SourceVersionDate "2012.06.19"]
[SourceQuality "2"]

1. d4 d5 2. c4 e6 3. Nc3 c5 4. e3 Nf6 5. Nf3 Nc6 6. a3 Be7 7. dxc5 Bxc5 8. b4 Be7 9. Bb2 a6 10. Qc2 dxc4 11. Bxc4 O-O 12. O-O Bd7 13. Rad1 Qe8 14. Ne4 Nxe4 15. Qxe4 Rd8 16. Qg4 g6 17. Ng5 e5 18. Qg3 Bc8 19. h4 Rxd1 20. Rxd1 Bf5 21. Bd5 Bf6 22. Nf3 Bg7 23. Rc1 e4 24. Bxg7 Kxg7 25. Bxc6 bxc6 26. Nd4 Bd7 27. Qd6 f5 28. Nxc6 Bxc6 29. Rxc6 1-0

[Event "Gold Cup"]
[Site "Lvov UKR"]
[Date "2012.04.09"]
[Round "1"]
[White "Golubka, Petro"]
[Black "Zazuliak, Andriy"]
[Result "1/2-1/2"]
[WhiteElo "2407"]
[BlackElo "2198"]
[WhiteFideId "-1"]
[BlackFideId "-1"]
[PlyCount "49"]
[GameId "2130307699502568"]
[EventDate "2012.04.09"]
[EventType "tourn"]
[EventRounds "5"]
[EventCountry "UKR"]
[SourceTitle "CBM 148 Extra"]
[Source "ChessBase"]
[SourceDate "2012.06.22"]
[SourceVersion "1"]
[SourceVersionDate "2012.06.22"]
[SourceQuality "1"]

1. c4 Nf6 2. Nc3 g6 3. Nf3 Bg7 4. g3 O-O 5. Bg2 d6 6. O-O Nc6 7. d3 e5 8. Rb1 a5 9. a3 Be6 10. b4 axb4 11. axb4 Qd7 12. b5 Ne7 13. Re1 c6 14. e4 Bg4 15. Qb3 h6 16. Be3 c5 17. Ra1 Rfc8 18. Na4 Qd8 19. Nd2 Nd7 20. Bf3 Bxf3 21. Nxf3 Nf8 22. Nc3 Ne6 23. Nd5 Kh7 24. b6 Nc6 25. h4 1/2-1/2

[Event "Gold Cup"]
[Site "Lvov UKR"]
[Date "2012.04.09"]
[Round "2"]
[White "Golubka, Petro"]
[Black "Prokhorov, A."]
[Result "1-0"]
[WhiteElo "2407"]
[BlackElo "2090"]
[WhiteFideId "-1"]
[BlackFideId "-1"]
[PlyCount "55"]
[GameId "2130307699502571"]
[EventDate "2012.04.09"]
[EventType "tourn"]
[EventRounds "5"]
[EventCountry "UKR"]
[SourceTitle "CBM 148 Extra"]
[Source "ChessBase"]
[SourceDate "2012.06.22"]
[SourceVersion "1"]
[SourceVersionDate "2012.06.22"]
[SourceQuality "1"]

1. e4 c6 2. d4 g6 3. c4 d5 4. e5 Bg7 5. Nc3 f6 6. Nf3 Nh6 7. cxd5 cxd5 8. Qb3 Nc6 9. Qxd5 Qxd5 10. Nxd5 O-O 11. Bb5 Nf5 12. exf6 exf6 13. Be3 Rd8 14. Nc7 Rb8 15. O-O Nd6 16. Ba4 Kh8 17. d5 b5 18. Nxb5 Nxb5 19. dxc6 a6 20. Rad1 Be6 21. Bxb5 axb5 22. c7 Re8 23. cxb8=Q Rxb8 24. b3 h5 25. Rd6 Bf5 26. Nh4 Bf8 27. Nxf5 gxf5 28. Rxf6 1-0

[Event "Gold Cup"]
[Site "Lvov UKR"]
[Date "2012.04.10"]
[Round "3"]
[White "Psaila, Clarence"]
[Black "Golubka, Petro"]
[Result "0-1"]
[WhiteElo "1999"]
[BlackElo "2407"]
[WhiteFideId "-1"]
[BlackFideId "-1"]
[PlyCount "64"]
[GameId "2130307699502575"]
[EventDate "2012.04.09"]
[EventType "tourn"]
[EventRounds "5"]
[EventCountry "UKR"]
[SourceTitle "CBM 148 Extra"]
[Source "ChessBase"]
[SourceDate "2012.06.22"]
[SourceVersion "1"]
[SourceVersionDate "2012.06.22"]
[SourceQuality "1"]

1. e4 e5 2. Nf3 Nc6 3. Nc3 Nf6 4. d4 Bb4 5. d5 Ne7 6. Bd3 Bxc3+ 7. bxc3 d6 8. Bb5+ c6 9. dxc6 bxc6 10. Bd3 O-O 11. O-O h6 12. h3 Qa5 13. Bd2 Qa4 14. c4 c5 15. Qe2 Be6 16. Rfb1 Nc6 17. Bc3 Nd7 18. Kh2 Nd4 19. Nxd4 exd4 20. Bd2 Ne5 21. f4 Nxc4 22. f5 Nxd2 23. Qxd2 Bc4 24. Rb7 Rab8 25. Rab1 Rxb7 26. Rxb7 Qxa2 27. f6 Bxd3 28. Qxd3 Qe6 29. fxg7 Re8 30. Rxa7 Qxe4 31. Qxe4 Rxe4 32. Rd7 Re6 0-1

[Event "Gold Cup"]
[Site "Lvov UKR"]
[Date "2012.04.10"]
[Round "4"]
[White "Golubka, Petro"]
[Black "Ustiyanovich, Nazariy"]
[Result "1/2-1/2"]
[WhiteElo "2407"]
[BlackElo "2176"]
[WhiteFideId "-1"]
[BlackFideId "-1"]
[PlyCount "33"]
[GameId "2130307699502577"]
[EventDate "2012.04.09"]
[EventType "tourn"]
[EventRounds "5"]
[EventCountry "UKR"]
[SourceTitle "CBM 148 Extra"]
[Source "ChessBase"]
[SourceDate "2012.06.22"]
[SourceVersion "1"]
[SourceVersionDate "2012.06.22"]
[SourceQuality "1"]

1. e4 c6 2. d4 d5 3. e5 Bf5 4. c4 e6 5. Nc3 Ne7 6. h4 h5 7. Be2 dxc4 8. Bxc4 Nd7 9. Nge2 Nb6 10. Bb3 Ng6 11. g3 Bg4 12. O-O Bf3 13. Bg5 Be7 14. Bxe7 Nxe7 15. Qd3 Bxe2 16. Nxe2 Nf5 17. Bc2 1/2-1/2

[Event "Gold Cup"]
[Site "Lvov UKR"]
[Date "2012.04.11"]
[Round "5"]
[White "Nester, Igor"]
[Black "Golubka, Petro"]
[Result "1/2-1/2"]
[WhiteElo "2319"]
[BlackElo "2407"]
[WhiteFideId "-1"]
[BlackFideId "-1"]
[PlyCount "36"]
[GameId "2130307699502580"]
[EventDate "2012.04.09"]
[EventType "tourn"]
[EventRounds "5"]
[EventCountry "UKR"]
[SourceTitle "CBM 148 Extra"]
[Source "ChessBase"]
[SourceDate "2012.06.22"]
[SourceVersion "1"]
[SourceVersionDate "2012.06.22"]
[SourceQuality "1"]

1. d4 d5 2. c4 e6 3. Nc3 c5 4. cxd5 exd5 5. Nf3 Nc6 6. g3 Nf6 7. Bg2 Be7 8. O-O O-O 9. Bg5 cxd4 10. Nxd4 h6 11. Bf4 Be6 12. Rc1 Rc8 13. Nxc6 bxc6 14. Be5 Nd7 15. Bf4 Nb6 16. Na4 c5 17. Nxb6 axb6 18. a3 Qd7 1/2-1/2

[Event "Myrhorod op A"]
[Site "Myrhorod UKR"]
[Date "2011.07.09"]
[Round "1.4"]
[White "Lomakin, Viktor"]
[Black "Golubka, Petro"]
[Result "1/2-1/2"]
[WhiteElo "2104"]
[BlackElo "2409"]
[WhiteFideId "-1"]
[BlackFideId "-1"]
[PlyCount "69"]
[GameId "2129405069383710"]
[EventDate "2011.07.09"]
[EventType "swiss"]
[EventRounds "9"]
[EventCountry "UKR"]
[SourceTitle "The Week in Chess 871"]
[Source "Mark Crowther"]
[SourceDate "2011.07.18"]
[SourceVersion "1"]
[SourceVersionDate "2011.07.18"]
[SourceQuality "2"]

1. d4 d5 2. c4 e6 3. Nf3 c5 4. e3 Nc6 5. Nc3 Nf6 6. a3 Ne4 7. Bd3 Nxc3 8. bxc3 Na5 9. Nd2 Be7 10. O-O O-O 11. Bb2 b6 12. cxd5 exd5 13. Qc2 h6 14. f3 Bf6 15. Rad1 Be6 16. Qb1 Rc8 17. Kh1 Re8 18. Ba6 Rb8 19. Bd3 b5 20. e4 cxd4 21. cxd4 dxe4 22. Nxe4 Bd5 23. Nxf6+ Qxf6 24. Rfe1 Nc4 25. Bxc4 bxc4 26. Qc2 Qb6 27. Bc3 Qb3 28. Qc1 h5 29. Re5 Rxe5 30. dxe5 Be6 31. h3 h4 32. Kh2 Qa2 33. Bb4 Qb3 34. Bc3 Bf5 35. Rd4 1/2-1/2

[Event "Myrhorod op A"]
[Site "Myrhorod UKR"]
[Date "2011.07.09"]
[Round "2.14"]
[White "Golubka, Petro"]
[Black "Tichonov, Jiri"]
[Result "1/2-1/2"]
[WhiteElo "2409"]
[BlackElo "2129"]
[WhiteFideId "-1"]
[BlackFideId "-1"]
[PlyCount "82"]
[GameId "2129405069383753"]
[EventDate "2011.07.09"]
[EventType "swiss"]
[EventRounds "9"]
[EventCountry "UKR"]
[SourceTitle "The Week in Chess 871"]
[Source "Mark Crowther"]
[SourceDate "2011.07.18"]
[SourceVersion "1"]
[SourceVersionDate "2011.07.18"]
[SourceQuality "2"]

1. d4 Nf6 2. c4 e6 3. Nf3 b6 4. a3 Bb7 5. Nc3 d5 6. Bg5 Be7 7. Qa4+ Nfd7 8. Bxe7 Qxe7 9. cxd5 exd5 10. Nb5 Bc6 11. Qb3 Bxb5 12. Qxb5 c6 13. Qb3 O-O 14. e3 Qd6 15. Rd1 a5 16. Bd3 a4 17. Qc2 g6 18. e4 dxe4 19. Bxe4 Re8 20. O-O Nf6 21. Bd3 Nbd7 22. Bc4 b5 23. Ba2 Nd5 24. Rc1 Rac8 25. Rfe1 Rxe1+ 26. Rxe1 N7f6 27. Rc1 Kg7 28. g3 Rc7 29. Qd3 b4 30. Bc4 Rb7 31. Ne5 bxa3 32. Qxa3 Qxa3 33. bxa3 Rb6 34. Bxd5 Nxd5 35. Rxc6 Rxc6 36. Nxc6 Nc3 37. Kf1 Nb5 38. d5 Kf8 39. d6 Ke8 40. d7+ Kxd7 41. Ne5+ Ke6 1/2-1/2

[Event "Myrhorod op A"]
[Site "Myrhorod UKR"]
[Date "2011.07.10"]
[Round "3.12"]
[White "Solovyev, Artem"]
[Black "Golubka, Petro"]
[Result "1/2-1/2"]
[WhiteElo "2136"]
[BlackElo "2409"]
[WhiteFideId "-1"]
[BlackFideId "-1"]
[PlyCount "115"]
[GameId "2129405069383784"]
[EventDate "2011.07.09"]
[EventType "swiss"]
[EventRounds "9"]
[EventCountry "UKR"]
[SourceTitle "The Week in Chess 871"]
[Source "Mark Crowther"]
[SourceDate "2011.07.18"]
[SourceVersion "1"]
[SourceVersionDate "2011.07.18"]
[SourceQuality "2"]

1. c4 e5 2. Nc3 Nc6 3. g3 Nf6 4. Bg2 Bb4 5. Nd5 Bc5 6. e3 O-O 7. Ne2 Re8 8. O-O h6 9. a3 a5 10. Nec3 Nxd5 11. cxd5 Ne7 12. Ne4 d6 13. d4 exd4 14. Nxc5 dxc5 15. exd4 c4 16. Qa4 Qd7 17. Qxc4 b5 18. Qc5 Bb7 19. Bd2 Bxd5 20. Bxd5 Nxd5 21. Rfe1 a4 22. Rac1 Rxe1+ 23. Bxe1 Re8 24. Ba5 Re2 25. Rc2 Rxc2 26. Qxc2 c6 27. b3 axb3 28. Qxb3 Qe8 29. Qc2 h5 30. h4 Qe6 31. Qd1 Qg4 32. Qc2 Qd7 33. Qd1 g6 34. Qc2 Kg7 35. Qc1 Nf6 36. Qc2 Nd5 37. Qc1 f6 38. Qc2 Kf7 39. Bd2 Ne7 40. Bb4 Nf5 41. Bc5 Qd5 42. Qe2 Qe6 43. Qf3 Ng7 44. Qf4 Qe1+ 45. Kg2 Ne6 46. Qd6 Qe4+ 47. Kg1 Nxc5 48. Qxc5 Ke6 49. Kf1 Qd5 50. Qc3 g5 51. hxg5 Qh1+ 52. Ke2 Qe4+ 53. Kf1 fxg5 54. Qb3+ Qd5 55. Qe3+ Kf6 56. Qe8 g4 57. Qe3 Kf5 58. Ke2 1/2-1/2

[Event "Myrhorod op A"]
[Site "Myrhorod UKR"]
[Date "2011.07.11"]
[Round "4.14"]
[White "Golubka, Petro"]
[Black "Petrova, Irina"]
[Result "1-0"]
[WhiteElo "2409"]
[BlackElo "2125"]
[WhiteFideId "-1"]
[BlackFideId "-1"]
[PlyCount "105"]
[GameId "2129405069383820"]
[EventDate "2011.07.09"]
[EventType "swiss"]
[EventRounds "9"]
[EventCountry "UKR"]
[SourceTitle "The Week in Chess 871"]
[Source "Mark Crowther"]
[SourceDate "2011.07.18"]
[SourceVersion "1"]
[SourceVersionDate "2011.07.18"]
[SourceQuality "2"]

1. h3 c5 2. c4 g6 3. Nc3 Bg7 4. Nf3 Nc6 5. e3 Nf6 6. d4 cxd4 7. exd4 d5 8. Be2 O-O 9. O-O b6 10. Ne5 Bb7 11. Bf3 e6 12. Bg5 Ne7 13. Re1 Rc8 14. cxd5 Nexd5 15. Bxd5 Bxd5 16. Qa4 h6 17. Bxf6 Bxf6 18. Nxd5 Bxe5 19. Rxe5 exd5 20. Qxa7 Rc2 21. Qa3 Qf6 22. Rf1 Rfc8 23. g3 Rc1 24. Qe3 Rxf1+ 25. Kxf1 Qc6 26. Kg2 Kg7 27. Qf3 Rd8 28. Re7 Qf6 29. Qxf6+ Kxf6 30. Rb7 Rd6 31. b4 Ke6 32. b5 f6 33. a4 h5 34. Kf3 Kf5 35. Ke3 g5 36. Kd3 h4 37. gxh4 gxh4 38. Rh7 Kg5 39. Rg7+ Kf4 40. Rc7 Kf3 41. Rc6 Rd8 42. Rxf6+ Kg2 43. Rxb6 Kxh3 44. a5 Kh2 45. a6 h3 46. Rh6 Ra8 47. f4 Kg2 48. f5 h2 49. f6 h1=Q 50. Rxh1 Kxh1 51. f7 Kg2 52. b6 Kg3 53. b7 1-0

[Event "Myrhorod op A"]
[Site "Myrhorod UKR"]
[Date "2011.07.12"]
[Round "6.5"]
[White "Golubka, Petro"]
[Black "Alexikov, Alexander"]
[Result "1/2-1/2"]
[WhiteElo "2409"]
[BlackElo "2353"]
[WhiteFideId "-1"]
[BlackFideId "-1"]
[PlyCount "89"]
[GameId "2129405069383879"]
[EventDate "2011.07.09"]
[EventType "swiss"]
[EventRounds "9"]
[EventCountry "UKR"]
[SourceTitle "The Week in Chess 871"]
[Source "Mark Crowther"]
[SourceDate "2011.07.18"]
[SourceVersion "1"]
[SourceVersionDate "2011.07.18"]
[SourceQuality "2"]

1. c4 Nf6 2. Nc3 g6 3. g3 Bg7 4. Bg2 O-O 5. Nf3 d6 6. O-O c6 7. d3 Bd7 8. Re1 Qc8 9. e4 e5 10. d4 Re8 11. d5 c5 12. Nh4 a6 13. Bf1 Bh3 14. Be2 h5 15. a3 Nbd7 16. Qd3 Rb8 17. b4 Qc7 18. f3 b6 19. Be3 Kh7 20. Rab1 Ng8 21. Nd1 Ndf6 22. Nf2 Bd7 23. h3 Bh6 24. f4 Kg7 25. Nf3 exf4 26. Bxf4 Nh7 27. Qc3+ f6 28. Bd3 Nf8 29. Rb2 Kf7 30. Rf1 Bc8 31. Rfb1 Nd7 32. Bc2 Ne5 33. bxc5 Qxc5 34. Bxh6 Nxh6 35. Nxe5+ fxe5 36. Qb4 Qc7 37. Qd2 Kg7 38. Bd3 Qc5 39. Kg2 Rf8 40. Nd1 h4 41. Qe3 Qxa3 42. Rb3 Qa2+ 43. R1b2 Qa1 44. Bb1 Qa4 45. Bd3 1/2-1/2

[Event "Myrhorod op A"]
[Site "Myrhorod UKR"]
[Date "2011.07.13"]
[Round "7.6"]
[White "Karnaukh, Anatolij"]
[Black "Golubka, Petro"]
[Result "0-1"]
[WhiteElo "2209"]
[BlackElo "2409"]
[WhiteFideId "-1"]
[BlackFideId "-1"]
[PlyCount "82"]
[GameId "2129405069383914"]
[EventDate "2011.07.09"]
[EventType "swiss"]
[EventRounds "9"]
[EventCountry "UKR"]
[SourceTitle "The Week in Chess 871"]
[Source "Mark Crowther"]
[SourceDate "2011.07.18"]
[SourceVersion "1"]
[SourceVersionDate "2011.07.18"]
[SourceQuality "2"]

1. d4 Nf6 2. c4 e6 3. Nc3 Bb4 4. e3 O-O 5. Nge2 b6 6. a3 Be7 7. Ng3 d5 8. cxd5 exd5 9. Bd3 g6 10. b4 c6 11. O-O a5 12. b5 c5 13. Re1 Be6 14. Bb2 Nbd7 15. Rc1 Re8 16. Nce2 Bd6 17. Nf4 Bg4 18. f3 Rxe3 19. Nfe2 Bh5 20. Qd2 Qe7 21. Nf1 Re6 22. dxc5 bxc5 23. Red1 c4 24. Nf4 cxd3 25. Nxe6 fxe6 26. Rc6 Ne5 27. Bxe5 Bxe5 28. Re1 Bd4+ 29. Kh1 Bg4 30. Qxd3 Bf2 31. Rec1 Bf5 32. Qe2 Bd4 33. Ne3 Qxa3 34. Nxf5 exf5 35. Rc8+ Rxc8 36. Rxc8+ Kg7 37. Rc7+ Kh6 38. Qe1 Qb2 39. Qc1+ Qxc1+ 40. Rxc1 a4 41. Rd1 Bc5 0-1

[Event "Myrhorod op A"]
[Site "Myrhorod UKR"]
[Date "2011.07.13"]
[Round "8.3"]
[White "Golubka, Petro"]
[Black "Naboka, Sergey"]
[Result "1-0"]
[WhiteElo "2409"]
[BlackElo "2140"]
[WhiteFideId "-1"]
[BlackFideId "-1"]
[PlyCount "125"]
[GameId "2129405069383945"]
[EventDate "2011.07.09"]
[EventType "swiss"]
[EventRounds "9"]
[EventCountry "UKR"]
[SourceTitle "The Week in Chess 871"]
[Source "Mark Crowther"]
[SourceDate "2011.07.18"]
[SourceVersion "1"]
[SourceVersionDate "2011.07.18"]
[SourceQuality "2"]

1. c4 Nf6 2. Nc3 g6 3. Nf3 Bg7 4. g3 O-O 5. Bg2 d6 6. O-O e5 7. d3 Nc6 8. Rb1 a5 9. a3 h6 10. b4 axb4 11. axb4 Be6 12. b5 Ne7 13. Nd2 d5 14. Qc2 Qc8 15. cxd5 Nexd5 16. Nxd5 Bxd5 17. e4 Be6 18. Bb2 Ne8 19. Nf3 Ra2 20. b6 Qd7 21. Ra1 Rxa1 22. Rxa1 cxb6 23. Nxe5 Qb5 24. d4 Nd6 25. Bf1 Qb3 26. Qxb3 Bxb3 27. Ra3 Bc2 28. f3 Rc8 29. Nd7 Nc4 30. Bxc4 Rxc4 31. Ra8+ Kh7 32. Nf8+ Bxf8 33. Rxf8 Rb4 34. Bc3 Rc4 35. Be1 Kg7 36. Rd8 b5 37. d5 b4 38. Rb8 Bd1 39. d6 Rd4 40. Bxb4 Rxb4 41. d7 Rd4 42. d8=Q Rxd8 43. Rxd8 Bxf3 44. e5 Bc6 45. Kf2 h5 46. Ke3 Kh6 47. h4 Kg7 48. Kd4 Bf3 49. Kc5 Bg4 50. Rb8 Bf3 51. Kd6 Be4 52. Ke7 Bd5 53. Kd6 Be4 54. Rc8 Bf3 55. Rc7 Kf8 56. e6 fxe6 57. Kxe6 Be4 58. Ke5 Bf5 59. Rxb7 Kg8 60. Ra7 Kf8 61. Kf6 Kg8 62. Rg7+ Kf8 63. Rxg6 1-0